| 000 | 00781nam a22001937a 4500 | ||
|---|---|---|---|
| 003 | OSt | ||
| 005 | 20260424023448.0 | ||
| 008 | 260424b |||||||| |||| 00| 0 eng d | ||
| 020 | _a9789710635993 | ||
| 040 |
_aDWCL Main Lib. _cOC |
||
| 082 | _aFil. 400 S628 2014 | ||
| 100 |
_aSalazar, Evelyn S. _eAuthor |
||
| 245 |
_aSkills builders for efficient reading : _bvocabulary skills, study skills, comprehension skills, literary appreciation skills, oral interpretation skills : new grade 9 / _cEvelyn S. Salazar and Araceli M. Villamin |
||
| 260 |
_aQuezon City : _bPhoenix Publishing House, _cc2014. |
||
| 300 |
_avii, 331 pages : _billustrations ; _c28 cm. |
||
| 650 | _a1. English--Study and teaching. | ||
| 700 |
_aI. Villamin, Araceli M. _eAuthor |
||
| 942 |
_2ddc _cBK - FIL _n0 |
||
| 999 |
_c9829 _d9829 |
||